00778nam a22002412i 450000100060000000300080000600500170001400800410003103500510007204000320012304100080015508200260016310000310018924500370022026000260025730000280028349000150031150400200032665000200034694200120036699900170037895201410039516585BD-RjUL20211209000028.0140215s1962 xxk 001 0 eng d a(BD-RjUL)16640aOCLC ocm30221967 from D951219M aUKMcUKMdEQOdBD-RjULbeng aeng00a796.323218bCLB 19621 aClayton-Jones, Huw.95124110aBasketball /cHuw Clayton-Jones. aLondon :bArco,c1962 a163 p. :bill. ;c20 cm1 aHandybooks aIncludes index. 0aBasketball9674 2ddccBK c16585d16585 00102ddc40718NFICaRUCLbRUCLcReadingd1964-06-17eZeitlingerg12.60l0o796.323 CLB 1962r2014-02-15 00:00:00tC-1w2014-02-15yBK